Formula 1 Teams by Sponsors #1 - Statistics

General Stats
  • This quiz has been taken 102 times
  • The average score is 10 of 15
Answer Stats
Answer % Correct
Mercedes, Sauber
98%
Ferrari, McLaren, Williams
96%
Ferrari, McLaren
86%
Benetton, Lotus, Williams
76%
Renault, Lotus, Williams
73%
McLaren
66%
Williams
60%
Jordan
59%
McLaren
58%
Renault
58%
Force India
57%
Jordan
47%
Red Bull, Renault
44%
Red Bull
41%
Brabham
37%
No matching quizzes found
Score Distribution
Percent of People with Each Score
Percentile by Number Answered
Your Score History
You have not taken this quiz